Une lettre un personnage version DC Comics - Statistiques

Statistiques générales
  • Ce quiz a été pris 145 fois
  • Le résultat moyen est 15 sur 22
Statistiques - réponses
Par images Réponse % Correct
Aquaman
99%
Batman
99%
Green Lantern
97%
Cyborg
96%
Superman
95%
Wonder Woman
92%
Raven
84%
Krypto
81%
Nightwing
81%
Hawkman
80%
Lois Lane
71%
Darkseid
68%
John Constantine
68%
Zatanna
58%
Peacemaker
57%
Firestorm
55%
Mera
53%
Trigon
36%
Vigilante
36%
Iris West
32%
Ocean Master
28%
Enchanteresse
26%
Aucun quiz correspondant
Distribution des résultats
% des personnes avec chaque résultat
Percentile par nombre de réponses
Votre historique - résultats
Vous n’avez pas pris ce quiz